[Event "Girona-ch"]
[Site "Blanes"]
[Date "2015.??.??"]
[Round "5"]
[White "Alcantarilla Lopez, Daniel"]
[Black "Capallera Guirado, Ferran"]
[Result "1/2-1/2"]
[WhiteElo "1827"]
[BlackElo "1941"]
[PlyCount "67"]
[EventDate "2015.09.27"]
[EventType "swiss"]
[EventRounds "9"]
[EventCountry "ESP"]
[SourceTitle "EXT 2017"]
[Source "ChessBase"]
[SourceDate "2016.10.25"]
[SourceVersion "1"]
[SourceVersionDate "2016.10.25"]
[SourceQuality "1"]

1. e4 e5 2. Nf3 Nc6 3. Bb5 a6 4. Bxc6 dxc6 5. h3 Bd6 6. Nc3 Nf6 7. d4 Bb4 8. Nxe5 0-0 9. f3 Re8 10. Be3 c5 11. a3 Ba5 12. Nc4 Bxc3+ 13. bxc3 b5 14. Nd2 c4 15. 0-0 h6 16. Qe1 Kh8 17. Qh4 Bb7 18. Bg5 Kg8 19. Bxf6 Qxf6 20. Qxf6 gxf6 21. Rfe1 Re7 22. Re2 Rae8 23. Rae1 Kg7 24. Kf2 Kg6 25. f4 h5 26. h4 Kh6 27. g3 Ba8 28. e5 f5 29. Nf3 Bxf3 30. Kxf3 c6 31. Ra1 Re6 32. a4 Rd8 33. Rd2 Rd5 34. Rad1 1/2-1/2

[Event "Girona-ch"]
[Site "Blanes"]
[Date "2015.??.??"]
[Round "2"]
[White "Alcantarilla Lopez, Daniel"]
[Black "Trias Punset, Carles"]
[Result "0-1"]
[WhiteElo "1827"]
[BlackElo "1803"]
[PlyCount "90"]
[EventDate "2015.09.27"]
[EventType "swiss"]
[EventRounds "9"]
[EventCountry "ESP"]
[SourceTitle "EXT 2017"]
[Source "ChessBase"]
[SourceDate "2016.10.25"]
[SourceVersion "1"]
[SourceVersionDate "2016.10.25"]
[SourceQuality "1"]

1. e4 c5 2. Nf3 d6 3. Bb5+ Bd7 4. Bxd7+ Nxd7 5. Nc3 Ngf6 6. d4 cxd4 7. Nxd4 g6 8. Be3 Bg7 9. 0-0 0-0 10. Qd2 Ne5 11. b3 a6 12. Rad1 Rc8 13. f3 Qc7 14. Nce2 Nc6 15. c4 Nxd4 16. Bxd4 Ne8 17. Bxg7 Nxg7 18. Qd5 Qc5+ 19. Qxc5 Rxc5 20. Rd5 Ne6 21. Rfd1 Rfc8 22. Nc3 Nf4 23. Rxc5 Rxc5 24. g3 Ne6 25. Rd5 Rxd5 26. Nxd5 Kf8 27. Kf2 Nc5 28. Ke3 Nd7 29. Kd4 e6 30. Nc3 Ke7 31. Na4 e5+ 32. Ke3 Nc5 33. Nxc5 dxc5 34. f4 Ke6 35. g4 exf4+ 36. Kxf4 h6 37. h4 f6 38. g5 fxg5+ 39. hxg5 hxg5+ 40. Kxg5 Ke5 41. Kxg6 Kxe4 42. Kf6 Kd4 43. Ke6 b5 44. Kd6 bxc4 45. bxc4 Kxc4 0-1

[Event "Girona-ch"]
[Site "Blanes"]
[Date "2015.??.??"]
[Round "1"]
[White "Badosa Romanyo, Albert"]
[Black "Alcantarilla Lopez, Daniel"]
[Result "1/2-1/2"]
[WhiteElo "2027"]
[BlackElo "1827"]
[PlyCount "84"]
[EventDate "2015.09.27"]
[EventType "swiss"]
[EventRounds "9"]
[EventCountry "ESP"]
[SourceTitle "EXT 2017"]
[Source "ChessBase"]
[SourceDate "2016.10.25"]
[SourceVersion "1"]
[SourceVersionDate "2016.10.25"]
[SourceQuality "1"]

1. d4 d5 2. e3 Nf6 3. Bd3 e6 4. Nd2 Nc6 5. a3 b6 6. f4 Bb7 7. Ngf3 Bd6 8. 0-0 Qd7 9. Ne5 Bxe5 10. fxe5 Ng8 11. Qh5 g6 12. Qg5 Nce7 13. Rxf7 Kxf7 14. Nf3 Rf8 15. Bd2 Ke8 16. Bb4 a5 17. Bd2 Nf5 18. g4 Ng7 19. Nh4 Qe7 20. Qxe7+ Nxe7 21. b4 a4 22. c4 Kd7 23. c5 Rf7 24. Rc1 Rhf8 25. Be1 g5 26. Ng2 h5 27. h3 hxg4 28. hxg4 c6 29. cxb6 Nc8 30. b5 Nxb6 31. Rc5 Nc4 32. Bb4 cxb5 33. Rxb5 Ba6 34. Bxc4 Bxb5 35. Bxb5+ Kd8 36. Bxf8 Rxf8 37. Bxa4 Kc7 38. Bc2 Kb6 39. Ne1 Ra8 40. a4 Ne8 41. Nd3 Rc8 42. Nb4 Rc6 1/2-1/2

[Event "Girona-ch"]
[Site "Blanes"]
[Date "2015.??.??"]
[Round "3"]
[White "Teixidor Banus, Josep Maria"]
[Black "Alcantarilla Lopez, Daniel"]
[Result "1-0"]
[WhiteElo "1872"]
[BlackElo "1827"]
[PlyCount "69"]
[EventDate "2015.09.27"]
[EventType "swiss"]
[EventRounds "9"]
[EventCountry "ESP"]
[SourceTitle "EXT 2017"]
[Source "ChessBase"]
[SourceDate "2016.10.25"]
[SourceVersion "1"]
[SourceVersionDate "2016.10.25"]
[SourceQuality "1"]

1. d4 d5 2. Nf3 Nc6 3. Bf4 Bf5 4. e3 Nf6 5. c3 e6 6. Bd3 Bd6 7. Bxd6 Qxd6 8. 0-0 Bxd3 9. Qxd3 0-0 10. Nbd2 e5 11. dxe5 Nxe5 12. Nxe5 Qxe5 13. Nf3 Qd6 14. Rad1 Rad8 15. Qc2 Qc5 16. Rd4 c6 17. Rfd1 Rde8 18. Nd2 Re5 19. b4 Qe7 20. f4 Rxe3 21. Nf3 Re4 22. c4 Re8 23. Kf1 Ng4 24. Rxe4 Qxe4 25. Qxe4 Rxe4 26. Re1 Nf6 27. c5 Kf8 28. Rxe4 Nxe4 29. Nd4 Ke7 30. Ke2 Nc3+ 31. Kd3 Ne4 32. Nf5+ Kf6 33. Nd6 b5 34. cxb6 axb6 35. Nc8 1-0

[Event "Girona-ch"]
[Site "Blanes"]
[Date "2015.??.??"]
[Round "7"]
[White "Vigueras Ruiz, Francisco"]
[Black "Alcantarilla Lopez, Daniel"]
[Result "1/2-1/2"]
[WhiteElo "1684"]
[BlackElo "1827"]
[PlyCount "84"]
[EventDate "2015.09.27"]
[EventType "swiss"]
[EventRounds "9"]
[EventCountry "ESP"]
[SourceTitle "EXT 2017"]
[Source "ChessBase"]
[SourceDate "2016.10.25"]
[SourceVersion "1"]
[SourceVersionDate "2016.10.25"]
[SourceQuality "1"]

1. e4 e5 2. Nf3 Nf6 3. Nc3 Bb4 4. d3 Nc6 5. Bd2 0-0 6. a3 Ba5 7. Be2 d5 8. exd5 Nxd5 9. Na4 Bxd2+ 10. Nxd2 Bf5 11. Nc3 Nxc3 12. bxc3 Re8 13. Bf3 Bd7 14. 0-0 Rb8 15. g3 Qf6 16. Ne4 Qe7 17. Bg2 Nd8 18. Re1 Ne6 19. Qc1 Nc5 20. Nd2 Qf6 21. Ne4 Nxe4 22. Rxe4 Bc6 23. Re1 Bxg2 24. Kxg2 Qc6+ 25. Kg1 Qxc3 26. Re4 Qc6 27. f4 Rbd8 28. Rc4 Qd6 29. Qe3 Rc8 30. Rb1 b6 31. Qe4 Rb8 32. Rc6 Qd7 33. Rb3 Re6 34. Rbc3 Rxc6 35. Rxc6 Qd4+ 36. Qxd4 exd4 37. Rxc7 Kf8 38. Rxa7 Rc8 39. Rb7 Rxc2 40. Rxb6 Rc3 41. Rd6 Rxa3 42. Rxd4 Ra1+ 1/2-1/2